000 00570nam a22001931 4500
001 bimo0001744313
003 OSt
005 20150623152747.0
008 011112s1958 slv spa
040 _aSpMaBN
_bspa
_cBMC
082 _a972.84
100 1 _99243
_aGavidia, Francisco
_d1864-1955
245 1 0 _aHistoria moderna de El Salvador
_cFrancisco Gavidia
260 0 _aSan Salvador
_bImp. Meléndez
_c[1918]
300 _a2 v.
_c21 cm
505 _aContiene: Vol.1 parte 1 y parte 2
651 4 _93692
_aEl Salvador
_xHistoria
942 _2ddc
_cBK
_hprozim
999 _c21542
_d21542